000 00342nam a2200145Ia 4500
008 210719s1969 xx 000 0 und d
041 _aeng
082 _a823.8 ELIM
100 _aELIOT (George)
245 _aMill on the floss.
260 _aLondon
_bHeron Books
_c1969
300 _ax,485
_bHB
365 _cRs
650 _aEnglish Fiction
999 _c213169
_d213169